000 00478cam a2200157 4500500
005 20260329022811.0
041 _afre
042 _adc
100 1 0 _aMellet, Kevin
_eauthor
700 1 0 _aBehrent, Michael C.
_eauthor
245 0 0 _aThe quest for marketing
260 _c2024.
500 _a26
786 0 _nBooks & Ideas | - | 1 | 2024-01-02 | p. XXVI-XXVI
856 4 1 _uhttps://shs.cairn.info/journal-books-and-ideas-2024-1-page-XXVI?lang=en&redirect-ssocas=7080
999 _c1922670
_d1922669